Cơ sở Vật lý hạt nhân

Spremljeno u:
Bibliografski detalji
Glavni autor: Ngô Quang Huy
Format: Knjiga
Jezik:Vietnamese
Izdano: Khoa học và kỹ thuật 2006
Oznake: Dodaj oznaku
Bez oznaka, Budi prvi tko označuje ovaj zapis!
Thư viện lưu trữ: Mạng thư viện Đại học Đà Nẵng
LEADER 00627nam a2200253 4500
001 000021714
003 18162
005 20150423080408.0
008 150423s2006 viesd
020 |c 58000 
041 0 |a vie 
082 1 4 |a 539,7  |b NG-H 
100 1 |a Ngô Quang Huy 
245 1 0 |a Cơ sở Vật lý hạt nhân  |c Ngô Quang Huy 
260 |b Khoa học và kỹ thuật  |c 2006 
300 |a tr.  |c cm. 
OWN |a LSP 
999 |a From the UDN01 
TYP |a Monograph 
TYP |a Printed language 
980 |a Mạng thư viện Đại học Đà Nẵng